000 01144nam a22002653 4500
001 baffler1000newy
003 CaSfIA
005 20210117190801.0
007 cr||||
008 080605s1997 xx 000 0 eng d
040 _aYDXCP
_cYDXCP
_dCaSfIA
020 _a1888984090
020 _a9781888984095
035 _a(OCoLC)230954151
050 _aPN
245 0 0 _aBaffler #10.
_h[electronic resource]
260 _aNew York :
_bD A P,
_c1997
300 _ap.
_c cm.
856 4 1 _uhttp://www.archive.org/details/baffler1000newy
_zFree eBook from the Internet Archive
856 4 2 _uhttp://www.openlibrary.org/books/OL24610090M
_zAdditional information and access via Open Library
999 _c471451
_d471451
942 _cEB
506 _fНеобхідна авторизація на https://archive.org/ (створення облікового запису безкоштовно)
506 _fНеобхідна авторизація на https://openlibrary.org/ (створення облікового запису безкоштовно)